000 00547nam a2200145Ia 4500
008 151213s9999 xx 000 0 und d
100 _aসৈয়দ আনোয়ারুল ইসলাম
245 _aবাজেট ও বাজেীঁয় ি নয়ন্ত্রন
_cসৈয়দ আনোয়ারুল ইসলাম
260 _aDhaka
_bnvmvb eyK nvDm
300 _a1393 p.
650 _aEconomics
650 _aEconomics
700 _aসৈয়দ আনোয়ারুল ইসলাম
999 _c1112
_d1112